[Event "Greek Team Championship"]
[Site "chess24.com"]
[Date "2017.07.04"]
[Round "2"]
[White "Karavitaki, Evaggelia"]
[Black "Vitsaxaki, Iris"]
[Result "1-0"]
[Board "7"]
[WhiteElo "1690"]
[WhiteCountry "GRE"]
[WhiteFideId "4295021"]
[WhiteEloChange "3"]
[BlackElo "1419"]
[BlackCountry "GRE"]
[BlackFideId "4249070"]
[BlackEloChange "-3"]

1. e4 {[%clk 1:30:56]} e5 {[%clk 1:30:42]} 2. Nf3 {[%clk 1:31:19]} Nf6 {[%clk
1:31:00]} 3. d4 {[%clk 1:28:25]} exd4 {[%clk 1:30:17]} 4. e5 {[%clk 1:28:32]} Nd5
{[%clk 1:09:48]} 5. Qxd4 {[%clk 1:20:01]} Nb6 {[%clk 1:06:54]} 6. Bd3 {[%clk
1:15:35]} Nc6 {[%clk 1:01:53]} 7. Qe4 {[%clk 1:13:35]} h6 {[%clk 1:01:38]} 8. a3
{[%clk 1:13:15]} Qe7 {[%clk 0:57:25]} 9. Bf4 {[%clk 1:09:39]} d6 {[%clk 0:49:07]}
10. exd6 {[%clk 0:52:26]} Qxe4+ {[%clk 0:49:25]} 11. Bxe4 {[%clk 0:52:49]} cxd6
{[%clk 0:49:32]} 12. Nc3 {[%clk 0:51:39]} f5 {[%clk 0:45:41]} 13. Bd3 {[%clk
0:50:53]} g5 {[%clk 0:44:14]} 14. Be3 {[%clk 0:50:49]} Be6 {[%clk 0:39:18]} 15.
O-O-O {[%clk 0:49:35]} O-O-O {[%clk 0:37:41]} 16. Bxb6 {[%clk 0:47:51]} axb6
{[%clk 0:37:50]} 17. Rhe1 {[%clk 0:48:04]} Bd7 {[%clk 0:21:04]} 18. Nd5 {[%clk
0:47:47]} f4 {[%clk 0:21:03]} 19. Nxb6+ {[%clk 0:47:34]} Kc7 {[%clk 0:20:50]} 20.
Nd5+ {[%clk 0:47:09]} Kb8 {[%clk 0:20:35]} 21. Bf1 {[%clk 0:44:16]} Bg7 {[%clk
0:19:24]} 22. Nd2 {[%clk 0:40:23]} Ne5 {[%clk 0:18:27]} 23. f3 {[%clk 0:32:06]}
Rc8 {[%clk 0:15:05]} 24. Nb3 {[%clk 0:23:26]} Bf5 {[%clk 0:08:02]} 25. Nd4 {[%clk
0:22:03]} Bh7 {[%clk 0:03:54]} 26. c3 {[%clk 0:19:54]} Rhe8 {[%clk 0:02:06]} 27.
Bb5 {[%clk 0:17:16]} Nd3+ {[%clk 0:00:39]} 28. Bxd3 {[%clk 0:14:39]} Rxe1 {[%clk
0:01:01]} 29. Bxh7 {[%clk 0:07:23]} Rxd1+ {[%clk 0:01:27]} 30. Kxd1 {[%clk
0:07:42]} Bxd4 {[%clk 0:01:22]} 31. cxd4 {[%clk 0:08:11]} Rc4 {[%clk 0:01:12]}
32. Be4 {[%clk 0:07:47]} Rxd4+ {[%clk 0:01:07]} 33. Ke2 {[%clk 0:07:36]} Rc4
{[%clk 0:01:03]} 34. Nc3 {[%clk 0:07:21]} Rc8 {[%clk 0:01:01]} 35. Kd3 {[%clk
0:06:45]} Re8 {[%clk 0:00:57]} 36. b3 {[%clk 0:05:42]} Kc8 {[%clk 0:00:44]} 37.
Nd5 {[%clk 0:05:53]} Re5 {[%clk 0:00:46]} 38. Nf6 {[%clk 0:04:48]} Re6 {[%clk
0:00:52]} 39. Bf5 {[%clk 0:05:10]} 1-0

[Event "Greek Team Championship"]
[Site "chess24.com"]
[Date "2017.07.04"]
[Round "2"]
[White "Kadianis, Georgios"]
[Black "Papadopoulos, Argirios"]
[Result "1/2-1/2"]
[Board "8"]
[WhiteElo "1980"]
[WhiteCountry "GRE"]
[WhiteFideId "4264681"]
[WhiteEloChange "5"]
[BlackElo "2176"]
[BlackTitle "FM"]
[BlackCountry "GRE"]
[BlackFideId "4241509"]
[BlackEloChange "-5"]

1. e4 {[%clk 1:28:16]} e5 {[%clk 1:27:04]} 2. Nf3 {[%clk 1:28:27]} Nc6 {[%clk
1:27:29]} 3. Nc3 {[%clk 1:28:41]} Nf6 {[%clk 1:27:55]} 4. d4 {[%clk 1:29:07]}
exd4 {[%clk 1:28:11]} 5. Nxd4 {[%clk 1:29:32]} Bc5 {[%clk 1:24:17]} 6. Nb3 {[%clk
1:23:52]} Bb4 {[%clk 1:20:39]} 7. Bd3 {[%clk 1:20:46]} d5 {[%clk 1:12:23]} 8.
exd5 {[%clk 1:18:18]} Nxd5 {[%clk 1:03:54]} 9. O-O {[%clk 1:17:05]} Nxc3 {[%clk
1:02:26]} 10. Qe1+ {[%clk 1:15:30]} Qe7 {[%clk 0:54:13]} 11. bxc3 {[%clk
1:15:33]} Bd6 {[%clk 0:54:03]} 12. Nd4 {[%clk 1:11:24]} Nxd4 {[%clk 0:50:23]} 13.
cxd4 {[%clk 1:10:26]} O-O {[%clk 0:49:05]} 14. Be3 {[%clk 0:58:30]} Qh4 {[%clk
0:45:03]} 15. g3 {[%clk 0:50:40]} Qh5 {[%clk 0:43:01]} 16. Be2 {[%clk 0:49:31]}
Bg4 {[%clk 0:40:43]} 17. Bxg4 {[%clk 0:43:12]} Qxg4 {[%clk 0:41:08]} 18. c4
{[%clk 0:41:48]} c6 {[%clk 0:28:03]} 19. Qc3 {[%clk 0:39:14]} Rae8 {[%clk
0:21:02]} 20. Rae1 {[%clk 0:28:22]} h5 {[%clk 0:16:01]} 21. Kg2 {[%clk 0:25:01]}
Qg6 {[%clk 0:12:56]} 22. Bc1 {[%clk 0:21:38]} h4 {[%clk 0:08:39]} 23. Rxe8 {[%clk
0:19:33]} Rxe8 {[%clk 0:09:06]} 24. Re1 {[%clk 0:19:16]} Rxe1 {[%clk 0:07:43]}
25. Qxe1 {[%clk 0:19:41]} Qf5 {[%clk 0:07:12]} 26. gxh4 {[%clk 0:08:20]} Qg4+
{[%clk 0:06:24]} 27. Kf1 {[%clk 0:08:15]} Bxh2 {[%clk 0:01:16]} 28. Qe8+ {[%clk
0:06:12]} Kh7 {[%clk 0:01:45]} 29. Bb2 {[%clk 0:06:24]} Qg1+ {[%clk 0:00:46]} 30.
Ke2 {[%clk 0:06:24]} Qb1 {[%clk 0:01:07]} 31. Qxf7 {[%clk 0:04:18]} Qxb2+ {[%clk
0:01:22]} 32. Kf3 {[%clk 0:04:44]} Qa3+ {[%clk 0:00:34]} 33. Kg2 {[%clk 0:04:26]}
Bb8 {[%clk 0:00:32]} 34. Qf5+ {[%clk 0:02:31]} g6 {[%clk 0:00:35]} 35. Qf7+
{[%clk 0:02:16]} Kh6 {[%clk 0:00:35]} 36. Qg8 {[%clk 0:02:12]} Kh5 {[%clk
0:00:34]} 1/2-1/2

[Event "Greek Team Championship"]
[Site "chess24.com"]
[Date "2017.07.04"]
[Round "2"]
[White "Patrelakis, Evaggelos"]
[Black "Serpetsidakis, Nikolaos"]
[Result "1/2-1/2"]
[Board "9"]
[WhiteElo "1925"]
[WhiteCountry "GRE"]
[WhiteFideId "4295102"]
[WhiteEloChange "2"]
[BlackElo "2013"]
[BlackCountry "GRE"]
[BlackFideId "4260678"]
[BlackEloChange "-2"]

1. e4 {[%clk 1:30:57]} e6 {[%clk 1:30:54]} 2. d4 {[%clk 1:31:16]} d5 {[%clk
1:31:17]} 3. Nd2 {[%clk 1:31:41]} Be7 {[%clk 1:31:28]} 4. Bd3 {[%clk 1:32:04]} c5
{[%clk 1:31:06]} 5. dxc5 {[%clk 1:32:10]} Nf6 {[%clk 1:30:46]} 6. Qe2 {[%clk
1:31:05]} O-O {[%clk 1:30:16]} 7. Ngf3 {[%clk 1:29:38]} a5 {[%clk 1:30:04]} 8.
O-O {[%clk 1:28:02]} Na6 {[%clk 1:30:15]} 9. exd5 {[%clk 1:23:54]} Nxd5 {[%clk
1:17:16]} 10. Nb3 {[%clk 1:11:20]} Qc7 {[%clk 1:13:42]} 11. Bd2 {[%clk 0:59:14]}
Nxc5 {[%clk 1:00:49]} 12. Nxc5 {[%clk 0:59:34]} Bxc5 {[%clk 1:01:14]} 13. Ng5
{[%clk 0:45:57]} h6 {[%clk 0:49:35]} 14. Ne4 {[%clk 0:38:25]} Bd4 {[%clk
0:42:30]} 15. c3 {[%clk 0:31:27]} Be5 {[%clk 0:42:40]} 16. Ng3 {[%clk 0:20:34]}
Nf4 {[%clk 0:39:38]} 17. Bxf4 {[%clk 0:20:58]} Bxf4 {[%clk 0:40:04]} 18. Rfe1
{[%clk 0:20:24]} Bd7 {[%clk 0:39:31]} 19. Rad1 {[%clk 0:19:28]} Rae8 {[%clk
0:32:32]} 20. Bc4 {[%clk 0:14:28]} Re7 {[%clk 0:28:31]} 21. Kh1 {[%clk 0:10:30]}
Bc6 {[%clk 0:28:05]} 22. b3 {[%clk 0:08:32]} g6 {[%clk 0:25:55]} 23. a4 {[%clk
0:06:30]} h5 {[%clk 0:25:44]} 24. Nf1 {[%clk 0:05:46]} Rfe8 {[%clk 0:15:26]} 25.
Qd3 {[%clk 0:05:25]} Rd7 {[%clk 0:15:11]} 26. Qe2 {[%clk 0:05:45]} Red8 {[%clk
0:10:02]} 27. Rxd7 {[%clk 0:05:17]} Qxd7 {[%clk 0:09:10]} 28. Kg1 {[%clk
0:05:27]} Kh7 {[%clk 0:02:54]} 29. Ne3 {[%clk 0:04:27]} Qd2 {[%clk 0:01:41]} 30.
Rd1 {[%clk 0:04:35]} Qxe2 {[%clk 0:02:06]} 31. Bxe2 {[%clk 0:04:59]} Rxd1+ {[%clk
0:01:55]} 32. Nxd1 {[%clk 0:04:09]} Be4 {[%clk 0:01:29]} 33. b4 {[%clk 0:01:41]}
Bc2 {[%clk 0:00:42]} 34. bxa5 {[%clk 0:01:08]} Bc7 {[%clk 0:00:36]} 35. Ne3
{[%clk 0:01:23]} Bxa4 {[%clk 0:00:55]} 36. a6 {[%clk 0:01:43]} bxa6 {[%clk
0:01:02]} 37. Bxa6 {[%clk 0:02:11]} Kg7 {[%clk 0:00:54]} 38. h3 {[%clk 0:01:52]}
Bc6 {[%clk 0:00:43]} 39. Be2 {[%clk 0:01:42]} Kf6 {[%clk 0:00:40]} 40. Kf1 {[%clk
0:31:05]} Bb6 {[%clk 0:30:33]} 41. Bd3 {[%clk 0:26:07]} Ba5 {[%clk 0:19:42]} 42.
c4 {[%clk 0:26:08]} Ke5 {[%clk 0:20:06]} 43. Be2 {[%clk 0:14:58]} Kd4 {[%clk
0:19:23]} 44. Nc2+ {[%clk 0:13:44]} Kc5 {[%clk 0:18:42]} 45. g3 {[%clk 0:11:50]}
Ba4 {[%clk 0:18:54]} 46. Ne3 {[%clk 0:11:00]} Bb3 {[%clk 0:19:01]} 47. Bd3 {[%clk
0:10:44]} Bd2 {[%clk 0:19:01]} 48. Ke2 {[%clk 0:11:04]} Bxe3 {[%clk 0:18:01]} 49.
Kxe3 {[%clk 0:11:33]} Bxc4 {[%clk 0:18:30]} 50. Bc2 {[%clk 0:11:33]} Kd5 {[%clk
0:15:40]} 51. Ba4 {[%clk 0:11:02]} Ke5 {[%clk 0:15:03]} 52. Be8 {[%clk 0:10:40]}
Kf6 {[%clk 0:15:23]} 53. h4 {[%clk 0:10:50]} Ke7 {[%clk 0:13:57]} 54. Ba4 {[%clk
0:10:48]} Ba6 {[%clk 0:08:54]} 55. Bc2 {[%clk 0:10:46]} Bb5 {[%clk 0:09:17]} 56.
Bb3 {[%clk 0:11:03]} e5 {[%clk 0:06:50]} 57. Bc2 {[%clk 0:10:42]} Be8 {[%clk
0:05:23]} 58. Bb3 {[%clk 0:10:14]} f6 {[%clk 0:05:22]} 59. f4 {[%clk 0:08:57]}
Bf7 {[%clk 0:05:11]} 60. Bc2 {[%clk 0:08:55]} Kd6 {[%clk 0:05:23]} 61. Ba4 {[%clk
0:08:36]} Be6 {[%clk 0:05:25]} 62. Bc2 {[%clk 0:08:26]} Bf5 {[%clk 0:05:48]} 63.
Ba4 {[%clk 0:08:41]} Kc5 {[%clk 0:06:05]} 64. Bd1 {[%clk 0:08:36]} Kc4 {[%clk
0:06:01]} 65. Be2+ {[%clk 0:08:45]} Kc3 {[%clk 0:06:30]} 66. Bf3 {[%clk 0:08:52]}
Kb2 {[%clk 0:05:15]} 67. Be2 {[%clk 0:08:43]} Kc1 {[%clk 0:05:16]} 68. Bf3 {[%clk
0:08:55]} Kb2 {[%clk 0:00:48]} 69. Be2 {[%clk 0:08:35]} Kc3 {[%clk 0:01:13]} 70.
Bf3 {[%clk 0:08:52]} Kc4 {[%clk 0:00:58]} 71. Be2+ {[%clk 0:08:57]} Kd5 {[%clk
0:01:19]} 72. Bd1 {[%clk 0:08:51]} Kd6 {[%clk 0:01:07]} 73. Bb3 {[%clk 0:08:49]}
Bb1 {[%clk 0:01:05]} 74. Bc4 {[%clk 0:08:47]} Bc2 {[%clk 0:00:48]} 75. Ba2 {[%clk
0:08:13]} Ke7 {[%clk 0:01:00]} 76. Bc4 {[%clk 0:08:13]} e4 {[%clk 0:00:37]} 77.
Bd5 {[%clk 0:08:22]} f5 {[%clk 0:01:05]} 78. Kd4 {[%clk 0:08:24]} Ba4 {[%clk
0:01:22]} 79. Bc4 {[%clk 0:08:10]} Bd7 {[%clk 0:01:43]} 80. Bd5 {[%clk 0:07:51]}
Be6 {[%clk 0:01:59]} 81. Bc6 {[%clk 0:08:16]} Bf7 {[%clk 0:02:18]} 82. Bb5 {[%clk
0:08:27]} Kd6 {[%clk 0:02:42]} 83. Ba4 {[%clk 0:08:27]} Ke7 {[%clk 0:02:09]}
1/2-1/2

[Event "Greek Team Championship"]
[Site "chess24.com"]
[Date "2017.07.04"]
[Round "2"]
[White "Papidakis, Georgios"]
[Black "Fyntrilakis, Kyriakos"]
[Result "1/2-1/2"]
[Board "10"]
[WhiteElo "1635"]
[WhiteCountry "GRE"]
[WhiteFideId "4295099"]
[BlackElo "1647"]
[BlackCountry "GRE"]
[BlackFideId "4286030"]

1. d4 {[%clk 1:30:58]} Nf6 {[%clk 1:30:54]} 2. Bf4 {[%clk 1:31:24]} e6 {[%clk
1:30:16]} 3. e3 {[%clk 1:31:51]} c5 {[%clk 1:30:32]} 4. c3 {[%clk 1:32:05]} d5
{[%clk 1:30:57]} 5. Nd2 {[%clk 1:32:23]} Nc6 {[%clk 1:31:19]} 6. Ngf3 {[%clk
1:32:50]} Bd6 {[%clk 1:31:35]} 7. Bg3 {[%clk 1:33:16]} O-O {[%clk 1:31:50]} 8.
Bb5 {[%clk 1:33:44]} a6 {[%clk 1:30:53]} 9. Bxc6 {[%clk 1:34:02]} bxc6 {[%clk
1:31:21]} 10. Qa4 {[%clk 1:34:16]} cxd4 {[%clk 1:31:40]} 11. cxd4 {[%clk
1:34:24]} Rb8 {[%clk 1:27:47]} 12. Qc2 {[%clk 1:26:30]} Bxg3 {[%clk 1:26:22]} 13.
hxg3 {[%clk 1:26:58]} Qb6 {[%clk 1:23:09]} 14. b3 {[%clk 1:18:17]} h6 {[%clk
1:20:55]} 15. Ne5 {[%clk 1:08:45]} Bb7 {[%clk 1:20:40]} 16. g4 {[%clk 1:05:55]}
Rfc8 {[%clk 1:20:22]} 17. Rc1 {[%clk 1:02:25]} Qb4 {[%clk 1:08:22]} 18. O-O
{[%clk 0:49:25]} a5 {[%clk 1:07:54]} 19. Ndf3 {[%clk 0:38:31]} Ba6 {[%clk
1:04:39]} 20. Rfe1 {[%clk 0:27:01]} Ne4 {[%clk 1:04:12]} 21. Nd7 {[%clk 0:23:27]}
Rb7 {[%clk 0:55:49]} 22. Nc5 {[%clk 0:20:28]} Nxc5 {[%clk 0:56:14]} 23. Qxc5
{[%clk 0:20:33]} a4 {[%clk 0:56:12]} 24. Ne5 {[%clk 0:13:53]} axb3 {[%clk
0:48:02]} 25. Qxb4 {[%clk 0:14:02]} Rxb4 {[%clk 0:48:30]} 26. axb3 {[%clk
0:14:20]} Rb6 {[%clk 0:44:35]} 27. Rc3 {[%clk 0:14:07]} Rc7 {[%clk 0:42:53]} 28.
Rec1 {[%clk 0:10:16]} Bb5 {[%clk 0:42:28]} 29. Nd3 {[%clk 0:02:10]} Kf8 {[%clk
0:42:35]} 30. Nc5 {[%clk 0:02:23]} Ra7 {[%clk 0:42:28]} 31. Kh2 {[%clk 0:02:11]}
Ke7 {[%clk 0:42:16]} 32. Kg3 {[%clk 0:02:28]} Kd6 {[%clk 0:42:31]} 33. f4 {[%clk
0:00:45]} f6 {[%clk 0:41:23]} 34. R1c2 {[%clk 0:00:50]} e5 {[%clk 0:41:26]} 35.
Rd2 {[%clk 0:00:40]} Rb8 {[%clk 0:40:41]} 36. Rf2 {[%clk 0:00:37]} exd4 {[%clk
0:40:26]} 37. exd4 {[%clk 0:01:05]} Re8 {[%clk 0:40:54]} 38. Kf3 {[%clk 0:00:40]}
Rae7 {[%clk 0:40:52]} 39. f5 {[%clk 0:00:50]} Be2+ {[%clk 0:39:59]} 40. Kg3
{[%clk 0:30:36]} h5 {[%clk 1:01:43]} 41. gxh5 {[%clk 0:28:44]} Bxh5 {[%clk
1:01:00]} 42. Ra2 {[%clk 0:15:09]} g6 {[%clk 0:51:35]} 43. fxg6 {[%clk 0:12:45]}
Bxg6 {[%clk 0:51:11]} 44. Ra6 {[%clk 0:09:32]} Rg8 {[%clk 0:50:30]} 45. Kf2
{[%clk 0:09:19]} Bh5 {[%clk 0:49:35]} 46. Ra2 {[%clk 0:07:16]} Reg7 {[%clk
0:49:36]} 47. Kf1 {[%clk 0:07:38]} f5 {[%clk 0:47:40]} 48. Re3 {[%clk 0:07:02]}
Re8 {[%clk 0:46:34]} 49. Rxe8 {[%clk 0:06:16]} Bxe8 {[%clk 0:47:02]} 50. Ra8
{[%clk 0:04:11]} Re7 {[%clk 0:43:57]} 51. Ra2 {[%clk 0:03:28]} Bh5 {[%clk
0:43:07]} 52. Ra1 {[%clk 0:02:49]} Bg4 {[%clk 0:43:16]} 53. Ra2 {[%clk 0:01:12]}
f4 {[%clk 0:41:13]} 54. Rd2 {[%clk 0:00:39]} Re3 {[%clk 0:39:49]} 55. Rf2 {[%clk
0:00:40]} f3 {[%clk 0:40:09]} 56. gxf3 {[%clk 0:00:55]} Rxf3 {[%clk 0:39:58]} 57.
Rxf3 {[%clk 0:01:18]} Bxf3 {[%clk 0:40:18]} 58. Kf2 {[%clk 0:01:46]} Bd1 {[%clk
0:39:55]} 59. Ke1 {[%clk 0:01:55]} Bh5 {[%clk 0:40:19]} 60. Kd2 {[%clk 0:02:20]}
Kc7 {[%clk 0:39:43]} 61. Kc3 {[%clk 0:02:16]} Kb6 {[%clk 0:39:53]} 62. Kb4 {[%clk
0:02:32]} Bg4 {[%clk 0:38:55]} 63. Na4+ {[%clk 0:02:01]} Kc7 {[%clk 0:38:36]} 64.
Nc5 {[%clk 0:01:59]} Kb6 {[%clk 0:39:04]} 65. Na4+ {[%clk 0:01:59]} Kc7 {[%clk
0:39:23]} 66. Nc5 {[%clk 0:01:29]} Kb6 {[%clk 0:39:48]} 67. Nd3 {[%clk 0:01:29]}
Bf5 {[%clk 0:38:26]} 68. Ne5 {[%clk 0:01:19]} Be4 {[%clk 0:36:05]} 69. Nd7+
{[%clk 0:01:11]} Kc7 {[%clk 0:36:32]} 70. Nc5 {[%clk 0:01:28]} Kd6 {[%clk
0:36:28]} 71. Ka5 {[%clk 0:01:09]} Bf3 {[%clk 0:34:43]} 72. Kb6 {[%clk 0:00:49]}
Be2 {[%clk 0:34:55]} 73. Nb7+ {[%clk 0:00:48]} Kd7 {[%clk 0:34:55]} 74. Na5
{[%clk 0:00:55]} Bb5 {[%clk 0:35:11]} 75. Nb7 {[%clk 0:00:48]} Ke6 {[%clk
0:35:00]} 76. Nd8+ {[%clk 0:00:50]} Kd6 {[%clk 0:33:26]} 77. Nf7+ {[%clk
0:01:09]} Ke6 {[%clk 0:33:26]} 78. Ne5 {[%clk 0:01:33]} Kd6 {[%clk 0:33:52]} 79.
b4 {[%clk 0:01:52]} Ba4 {[%clk 0:34:15]} 80. Nf7+ {[%clk 0:00:54]} Ke7 {[%clk
0:34:07]} 81. Ne5 {[%clk 0:01:03]} Kd6 {[%clk 0:34:36]} 82. Nd3 {[%clk 0:01:19]}
Bb5 {[%clk 0:33:45]} 83. Nc5 {[%clk 0:01:37]} Bc4 {[%clk 0:33:48]} 84. Nb7+
{[%clk 0:01:32]} Kd7 {[%clk 0:34:00]} 85. Kc5 {[%clk 0:01:20]} Bb5 {[%clk
0:34:19]} 86. Nd6 {[%clk 0:01:23]} Ba4 {[%clk 0:34:42]} 87. Nf5 {[%clk 0:00:33]}
Bc2 {[%clk 0:32:56]} 88. Ne3 {[%clk 0:00:47]} Be4 {[%clk 0:33:22]} 89. Nd1 {[%clk
0:01:06]} Bc2 {[%clk 0:32:41]} 90. Nc3 {[%clk 0:01:35]} Bb3 {[%clk 0:33:08]} 91.
b5 {[%clk 0:01:27]} cxb5 {[%clk 0:33:32]} 92. Nxb5 {[%clk 0:01:11]} Bc4 {[%clk
0:33:18]} 93. Nc3 {[%clk 0:00:59]} Ke6 {[%clk 0:33:18]} 94. Nd1 {[%clk 0:01:13]}
Bd3 {[%clk 0:32:44]} 95. Nc3 {[%clk 0:01:06]} Bc4 {[%clk 0:33:11]} 96. Nb1 {[%clk
0:00:34]} Kf5 {[%clk 0:32:39]} 97. Nc3 {[%clk 0:00:51]} Ke6 {[%clk 0:33:06]} 98.
Na4 {[%clk 0:01:16]} Bb3 {[%clk 0:31:20]} 99. Nc3 {[%clk 0:00:47]} Bc4 {[%clk
0:31:13]} 100. Nd1 {[%clk 0:00:45]} Bd3 {[%clk 0:31:17]} 101. Nf2 {[%clk
0:00:49]} Bc4 {[%clk 0:31:30]} 102. Ng4 {[%clk 0:00:43]} Bd3 {[%clk 0:30:21]}
103. Ne3 {[%clk 0:00:48]} Be4 {[%clk 0:30:46]} 104. Nd1 {[%clk 0:00:45]} Bd3
{[%clk 0:31:06]} 105. Nc3 {[%clk 0:01:03]} Bc4 {[%clk 0:31:26]} 106. Na4 {[%clk
0:00:44]} Bb3 {[%clk 0:31:44]} 107. Nb6 {[%clk 0:01:02]} Ba2 {[%clk 0:31:57]}
108. Kc6 {[%clk 0:01:16]} Bb3 {[%clk 0:31:12]} 109. Nc8 {[%clk 0:00:48]} Bc4
{[%clk 0:31:08]} 110. Nd6 {[%clk 0:00:47]} Bb3 {[%clk 0:31:00]} 111. Nb7 {[%clk
0:00:38]} 1/2-1/2

[Event "Greek Team Championship"]
[Site "chess24.com"]
[Date "2017.07.04"]
[Round "2"]
[White "Baldauf, Marco"]
[Black "Lupulescu, Constantin"]
[Result "1/2-1/2"]
[Board "1"]
[WhiteElo "2459"]
[WhiteTitle "IM"]
[WhiteCountry "GER"]
[WhiteFideId "4688210"]
[WhiteEloChange "2"]
[BlackElo "2635"]
[BlackTitle "GM"]
[BlackCountry "ROU"]
[BlackFideId "1207822"]
[BlackEloChange "-2"]

1. d4 {[%clk 1:30:58]} d5 {[%clk 1:30:53]} 2. c4 {[%clk 1:31:21]} e6 {[%clk
1:31:19]} 3. Nc3 {[%clk 1:31:43]} Nf6 {[%clk 1:31:44]} 4. cxd5 {[%clk 1:31:31]}
exd5 {[%clk 1:32:10]} 5. Bg5 {[%clk 1:31:54]} c6 {[%clk 1:32:35]} 6. e3 {[%clk
1:32:17]} Be7 {[%clk 1:32:42]} 7. Bd3 {[%clk 1:32:43]} Nbd7 {[%clk 1:33:03]} 8.
Qc2 {[%clk 1:31:14]} Nh5 {[%clk 1:32:37]} 9. Bxe7 {[%clk 1:31:39]} Qxe7 {[%clk
1:33:02]} 10. Nge2 {[%clk 1:30:11]} Nb6 {[%clk 1:30:10]} 11. O-O {[%clk 1:24:13]}
g6 {[%clk 1:29:16]} 12. Rae1 {[%clk 1:18:04]} O-O {[%clk 1:28:19]} 13. Nc1 {[%clk
1:18:15]} Ng7 {[%clk 1:27:21]} 14. f3 {[%clk 1:17:44]} Bf5 {[%clk 1:26:19]} 15.
e4 {[%clk 1:14:56]} dxe4 {[%clk 1:26:17]} 16. fxe4 {[%clk 1:15:17]} Be6 {[%clk
1:26:39]} 17. e5 {[%clk 1:02:53]} f5 {[%clk 1:20:19]} 18. exf6 {[%clk 1:00:43]}
Rxf6 {[%clk 1:20:23]} 19. Rxf6 {[%clk 0:57:06]} Qxf6 {[%clk 1:20:27]} 20. Nb3
{[%clk 0:57:28]} Kh8 {[%clk 0:57:14]} 21. Rf1 {[%clk 0:39:54]} Qe7 {[%clk
0:53:33]} 22. Nc5 {[%clk 0:36:35]} Bf5 {[%clk 0:45:21]} 23. Qf2 {[%clk 0:31:00]}
Re8 {[%clk 0:37:25]} 24. h3 {[%clk 0:27:22]} Kg8 {[%clk 0:32:12]} 25. Be4 {[%clk
0:21:26]} Bxe4 {[%clk 0:25:17]} 26. N5xe4 {[%clk 0:21:38]} Rf8 {[%clk 0:14:26]}
27. Qxf8+ {[%clk 0:17:38]} Qxf8 {[%clk 0:14:51]} 28. Rxf8+ {[%clk 0:18:03]} Kxf8
{[%clk 0:15:18]} 29. Nd6 {[%clk 0:17:38]} Nf5 {[%clk 0:14:06]} 30. Nxb7 {[%clk
0:17:05]} Nxd4 {[%clk 0:14:30]} 1/2-1/2

[Event "Greek Team Championship"]
[Site "chess24.com"]
[Date "2017.07.04"]
[Round "2"]
[White "Lubbe, Nikolas"]
[Black "Seyb, Alexander"]
[Result "1/2-1/2"]
[Board "2"]
[WhiteElo "2505"]
[WhiteTitle "IM"]
[WhiteCountry "GER"]
[WhiteFideId "4694031"]
[WhiteEloChange "-1"]
[BlackElo "2425"]
[BlackTitle "IM"]
[BlackCountry "GER"]
[BlackFideId "4699033"]
[BlackEloChange "1"]

1. d4 {[%clk 1:30:46]} Nf6 {[%clk 1:30:53]} 2. Nf3 {[%clk 1:30:23]} g6 {[%clk
1:31:13]} 3. g3 {[%clk 1:30:35]} Bg7 {[%clk 1:31:28]} 4. Bg2 {[%clk 1:30:57]} d5
{[%clk 1:31:41]} 5. O-O {[%clk 1:30:42]} O-O {[%clk 1:31:59]} 6. c4 {[%clk
1:30:55]} c6 {[%clk 1:32:17]} 7. Qb3 {[%clk 1:30:45]} Qb6 {[%clk 1:31:47]} 8. Nc3
{[%clk 1:30:31]} Rd8 {[%clk 1:32:04]} 9. Na4 {[%clk 1:29:38]} Qxb3 {[%clk
1:21:44]} 10. axb3 {[%clk 1:30:04]} Na6 {[%clk 1:22:05]} 11. Bf4 {[%clk 1:28:23]}
Be6 {[%clk 1:02:37]} 12. Rfc1 {[%clk 1:22:24]} Ne4 {[%clk 0:57:01]} 13. c5 {[%clk
1:15:34]} h6 {[%clk 0:50:40]} 14. Be3 {[%clk 1:04:08]} Nc7 {[%clk 0:40:18]} 15.
Ne1 {[%clk 0:56:37]} Nb5 {[%clk 0:33:30]} 16. Nc2 {[%clk 0:56:35]} Nf6 {[%clk
0:32:55]} 17. f3 {[%clk 0:55:46]} Nd7 {[%clk 0:31:05]} 18. Bf2 {[%clk 0:53:44]}
f5 {[%clk 0:25:47]} 19. e3 {[%clk 0:52:05]} Bf7 {[%clk 0:24:47]} 20. Bf1 {[%clk
0:48:47]} a6 {[%clk 0:21:09]} 21. f4 {[%clk 0:47:14]} g5 {[%clk 0:21:10]} 22. Bd3
{[%clk 0:43:58]} e6 {[%clk 0:20:57]} 23. Be1 {[%clk 0:43:33]} Bh5 {[%clk
0:19:07]} 24. Ba5 {[%clk 0:39:32]} Rdc8 {[%clk 0:19:32]} 25. Bxb5 {[%clk
0:35:12]} cxb5 {[%clk 0:16:39]} 26. Nb6 {[%clk 0:35:20]} Nxb6 {[%clk 0:17:01]}
27. cxb6 {[%clk 0:34:33]} Bf3 {[%clk 0:09:23]} 28. Nb4 {[%clk 0:31:11]} Be4
{[%clk 0:09:49]} 29. Rc7 {[%clk 0:31:20]} Rxc7 {[%clk 0:10:13]} 30. bxc7 {[%clk
0:31:47]} Bf8 {[%clk 0:08:58]} 31. Rc1 {[%clk 0:22:04]} Rc8 {[%clk 0:09:27]} 32.
Kf2 {[%clk 0:21:37]} Kf7 {[%clk 0:08:17]} 33. Na2 {[%clk 0:18:57]} g4 {[%clk
0:06:52]} 34. Nc3 {[%clk 0:14:49]} Bf3 {[%clk 0:06:21]} 35. Nb1 {[%clk 0:13:18]}
Be4 {[%clk 0:06:40]} 36. Nd2 {[%clk 0:12:18]} Bd6 {[%clk 0:07:08]} 37. b4 {[%clk
0:04:50]} Ke7 {[%clk 0:05:50]} 38. Nb3 {[%clk 0:03:12]} Kd7 {[%clk 0:05:45]} 39.
h4 {[%clk 0:01:10]} gxh3 {[%clk 0:03:00]} 40. Kg1 {[%clk 0:31:17]} 1/2-1/2

[Event "Greek Team Championship"]
[Site "chess24.com"]
[Date "2017.07.04"]
[Round "2"]
[White "Xylogiannopoulos, Antonios"]
[Black "Kofidis, Andreas"]
[Result "1/2-1/2"]
[Board "3"]
[WhiteElo "2265"]
[WhiteCountry "GRE"]
[WhiteFideId "4215133"]
[WhiteEloChange "3"]
[BlackElo "2381"]
[BlackTitle "IM"]
[BlackCountry "GRE"]
[BlackFideId "4200217"]
[BlackEloChange "-3"]

1. e4 {[%clk 1:30:54]} e5 {[%clk 1:30:54]} 2. Nf3 {[%clk 1:30:52]} Nc6 {[%clk
1:31:15]} 3. Bc4 {[%clk 1:31:14]} Nf6 {[%clk 1:30:36]} 4. d4 {[%clk 1:31:30]}
exd4 {[%clk 1:29:38]} 5. e5 {[%clk 1:31:47]} d5 {[%clk 1:27:41]} 6. Bb5 {[%clk
1:31:52]} Ne4 {[%clk 1:28:00]} 7. Nxd4 {[%clk 1:31:30]} Bd7 {[%clk 1:27:58]} 8.
Bxc6 {[%clk 1:31:43]} bxc6 {[%clk 1:26:33]} 9. O-O {[%clk 1:31:53]} Be7 {[%clk
1:24:22]} 10. f3 {[%clk 1:25:46]} Nc5 {[%clk 1:22:43]} 11. f4 {[%clk 1:16:44]}
Ne4 {[%clk 1:22:35]} 12. Nd2 {[%clk 1:15:25]} c5 {[%clk 1:19:57]} 13. Nxe4 {[%clk
1:09:31]} cxd4 {[%clk 0:57:26]} 14. Ng3 {[%clk 1:09:45]} Bc5 {[%clk 0:57:24]} 15.
f5 {[%clk 1:00:04]} Bb5 {[%clk 0:45:56]} 16. Rf4 {[%clk 0:52:28]} g6 {[%clk
0:42:15]} 17. b4 {[%clk 0:49:25]} Be7 {[%clk 0:38:30]} 18. Qxd4 {[%clk 0:47:10]}
Bc4 {[%clk 0:38:56]} 19. Bb2 {[%clk 0:39:38]} c5 {[%clk 0:36:59]} 20. bxc5 {[%clk
0:35:43]} Rc8 {[%clk 0:36:53]} 21. Qf2 {[%clk 0:35:13]} Bxc5 {[%clk 0:35:59]} 22.
Bd4 {[%clk 0:35:41]} Qb6 {[%clk 0:31:48]} 23. c3 {[%clk 0:29:39]} Bxd4 {[%clk
0:29:09]} 24. cxd4 {[%clk 0:28:59]} Bd3 {[%clk 0:24:24]} 25. fxg6 {[%clk
0:28:56]} hxg6 {[%clk 0:22:36]} 26. Rf6 {[%clk 0:25:22]} Rc6 {[%clk 0:21:33]} 27.
Rd1 {[%clk 0:22:25]} Rxf6 {[%clk 0:19:06]} 28. exf6 {[%clk 0:22:51]} Bc4 {[%clk
0:19:21]} 29. Qf4 {[%clk 0:19:56]} Kd8 {[%clk 0:17:17]} 30. Re1 {[%clk 0:17:57]}
Re8 {[%clk 0:12:31]} 31. Rxe8+ {[%clk 0:17:30]} Kxe8 {[%clk 0:12:58]} 32. Qe5+
{[%clk 0:17:18]} Kd7 {[%clk 0:11:24]} 33. Qe7+ {[%clk 0:17:05]} Kc6 {[%clk
0:11:48]} 34. Qe8+ {[%clk 0:13:39]} Kd6 {[%clk 0:11:57]} 35. Qe7+ {[%clk
0:13:07]} Kc6 {[%clk 0:12:16]} 36. Qe8+ {[%clk 0:13:35]} Kd6 {[%clk 0:11:57]} 37.
Qe7+ {[%clk 0:11:12]} 1/2-1/2